Central Library OPAC University of Rajshahi

Winthrop papers / (Record no. 24226)

MARC details
000 -LEADER
fixed length control field 01091cam a22002891 4500
001 - CONTROL NUMBER
control field 24226
003 - CONTROL NUMBER IDENTIFIER
rucl marc code BD-RjUL
005 - DATE AND TIME OF LATEST TRANSACTION
control field 20211209001025.0
008 - FIXED-LENGTH DATA ELEMENTS--GENERAL INFORMATION
fixed length control field 140312r19681929nyuabch b 001 0 eng
035 ## - SYSTEM CONTROL NUMBER
System control number (BD-RjUL)24292
040 ## - CATALOGING SOURCE
Original cataloging agency DLC
Transcribing agency DLC
Modifying agency DLC
-- BD-RjUL
Language of cataloging eng
041 ## - LANGUAGE CODE
Language code of text/sound track or separate title eng
082 00 - DEWEY DECIMAL CLASSIFICATION NUMBER
Classification number 974.028
Author mark and year WIW
100 ## - MAIN ENTRY--PERSONAL NAME
Personal name Winthrop, John
9 (RLIN) 74623
245 00 - TITLE STATEMENT
Title Winthrop papers /
Remainder of title John Winthrop
Number of part/section of a work Volume I
Name of part/section of a work 1498-1628
260 ## - PUBLICATION, DISTRIBUTION, ETC. (IMPRINT)
Place of publication, distribution, etc. New York :
Name of publisher, distributor, etc. Russell & Russell,
Date of publication, distribution, etc. 1929 [reissued 1968]
300 ## - PHYSICAL DESCRIPTION
Pagination xxxii,456 p. :
Illustrations illus., facsims., geneal. table, maps, ports. ;
Size 25 cm.
500 ## - GENERAL NOTE
General note Reprint of the ed. first published 1929- by the Massachusetts Historical Society.
504 ## - BIBLIOGRAPHY, ETC. NOTE
Bibliography, etc Bibliographical footnotes.
505 1# - FORMATTED CONTENTS NOTE
Formatted contents note v. 1. 1498-1628.--v. 2. 1623-1630.
651 #0 - SUBJECT ADDED ENTRY--GEOGRAPHIC NAME
Geographic name New England
General subdivision History
Chronological subdivision Colonial period, ca. 1600-1775
General subdivision Sources.
9 (RLIN) 74306
Geographic name Massachusetts
General subdivision History
Chronological subdivision Colonial period, ca. 1600-1775
General subdivision Sources.
9 (RLIN) 74624
Geographic name Connecticut
General subdivision History
Chronological subdivision Colonial period, ca. 1600-1775
General subdivision Sources.
9 (RLIN) 74625
942 ## - ADDED ENTRY ELEMENTS (KOHA)
Source of classification or shelving scheme Dewey Decimal Classification
Koha item type Books
Holdings
Lost status Source of classification or shelving scheme Damaged status Not for loan Collection code Permanent Location Current Location Shelving location Date acquired Source of acquisition Cost, normal purchase price Total Checkouts Full call number Date last seen Copy number Koha item type Date checked out
  Dewey Decimal Classification     Non-fiction Central Library, University of Rajshahi Central Library, University of Rajshahi Reading Room 13/06/1994 Asia Fundation Gift 0.00   974.028 WIW V-1 1968 12/03/2014 C-2 Books  
  Dewey Decimal Classification     Non-fiction Central Library, University of Rajshahi Central Library, University of Rajshahi   20/10/1985 Asia Fundation Gift 0.00   974.028 WIW V-1 1968 12/03/2014 C-1 Books  
  Dewey Decimal Classification     Non-fiction Central Library, University of Rajshahi Central Library, University of Rajshahi   22/07/1998 Asia Fundation Gift     974.028 WIW V-1 1968 29/03/2014 C-5 Books  
  Dewey Decimal Classification     Non-fiction Central Library, University of Rajshahi Central Library, University of Rajshahi   13/06/1994     2 974.028 WIW V-1 1968 15/02/2018 C-3 Books 15/02/2018